000 01277nam0a22003011 4500
001 rc\3579898
005 20250610044127.0
035 _a(NLR Aleph) 007696576
090 _a6699229
_c6699229
100 _a20130115d1969 |||y0rusy50 ca
101 0 _arus
102 _aRU
105 _ay z |||||
200 1 _aИсследование электромеханических процессов статоров гидрогенераторов
210 _aЛенинград
_cБ. и.
_d1969
215 _a[2], 10 с.
_cграф.
_d20
225 1 _aВНИИЭлектромаш. Материалы Научно-технической конференции по турбо- и гидрогенераторам и синхронным компенсаторам
300 _aПеред загл. авт.: Ю.В. Петров, Р.В. Сучков, Ю.М. Элькинд
309 _aОтпеч. множит. аппаратом
333 _aДля служебного пользования. Экз. № 3
700 1 _aПетров
_bЮ.В.
_gЮрий Васильевич
701 1 _aСучков
_bР.В.
701 1 _aЭлькинд
_bЮ.М.
801 0 _aRU
_bNLR
_gpsbo
801 1 _aRU
_bELAR
_2rusmarc
852 _aNLR
_j50К/22886
942 _cBOOK
980 _aNB